Easy Bengali : (Record no. 187867)

000 -LEADER
fixed length control field 00373 a2200157 4500
003 - CONTROL NUMBER IDENTIFIER
control field Nust
005 - DATE AND TIME OF LATEST TRANSACTION
control field 20230316103547.0
040 ## - CATALOGING SOURCE
Transcribing agency Nust
082 ## - DEWEY DECIMAL CLASSIFICATION NUMBER
Classification number 491.44,HUQ
100 ## - MAIN ENTRY--PERSONAL NAME
Personal name M. Huq
9 (RLIN) 110372
245 ## - TITLE STATEMENT
Title Easy Bengali :
Remainder of title a Self Teaching Book /
Statement of responsibility, etc. M.Huq, B. M Mills
260 ## - PUBLICATION, DISTRIBUTION, ETC.
Place of publication, distribution, etc. Dacca
Name of publisher, distributor, etc. B.M.mills
Linkage 1970
300 ## - PHYSICAL DESCRIPTION
Extent 119:p
650 ## - SUBJECT ADDED ENTRY--TOPICAL TERM
Topical term or geographic name entry element Bengal
9 (RLIN) 110373
942 ## - ADDED ENTRY ELEMENTS (KOHA)
Source of classification or shelving scheme
Koha item type Book
Holdings
Withdrawn status Lost status Source of classification or shelving scheme Damaged status Not for loan Permanent Location Current Location Shelving location Date acquired Full call number Barcode Date last seen Price effective from Koha item type Public note
          Military College of Signals (MCS) Military College of Signals (MCS) General Stacks 12/12/2016 491.44,HUQ MCS20677A 12/08/2016 12/12/2016 Book Almirah No.74, Shelf No.4
© 2023 Central Library, National University of Sciences and Technology. All Rights Reserved.